[Event "Kvalifikacije za Sampionat 2015"]
[Site "Kragujevac"]
[Date "2015.03.12"]
[Round "6.1"]
[White "Zajic, Milan"]
[Black "Pavlovic, Milos"]
[Result "1/2-1/2"]
[WhiteElo "2475"]
[BlackElo "2482"]
[PlyCount "47"]
[EventDate "2015.??.??"]

1. e4 e5 2. Nf3 Nc6 3. Bb5 Nf6 4. d3 d6 5. c4 Be7 6. h3 O-O 7. Be3 Nb8 8. Nc3
c6 9. Ba4 a6 10. O-O b5 11. cxb5 axb5 12. Bb3 Nbd7 13. a3 Bb7 14. d4 Qa5 15.
Nh4 exd4 16. Bxd4 g6 17. Nf3 c5 18. Bxf6 Nxf6 19. Nd5 Qd8 20. Re1 Re8 21. Nc3
Qb6 22. Nd5 Qd8 23. Nc3 Qb6 24. Nd5 1/2-1/2

[Event "Kvalifikacije za Sampionat 2015"]
[Site "Kragujevac"]
[Date "2015.03.12"]
[Round "6.3"]
[White "Radovanovic, Nikola"]
[Black "Ratkovic, Milovan"]
[Result "1/2-1/2"]
[WhiteElo "2399"]
[BlackElo "2364"]
[PlyCount "62"]
[EventDate "2015.??.??"]

1. d4 d5 2. c4 dxc4 3. Nf3 Nf6 4. e3 Bg4 5. Bxc4 e6 6. O-O a6 7. h3 Bh5 8. Nc3
Nc6 9. Be2 Bd6 10. a3 O-O 11. Nh4 Bxe2 12. Qxe2 Nd5 13. Nf3 Nf6 14. Rd1 Qe8 15.
e4 e5 16. dxe5 Nxe5 17. Nd4 Ng6 18. Qc2 Rc8 19. Be3 Qe5 20. Nf3 Qh5 21. Bg5 Ne5
22. Nxe5 Qxg5 23. Nf3 Qg6 24. Nh4 Qg5 25. Nf5 Nh5 26. Nxd6 cxd6 27. Qe2 Nf4 28.
Qg4 Qf6 29. Rd2 Rc5 30. h4 h5 31. Qg3 Ng6 1/2-1/2

[Event "Kvalifikacije za Sampionat 2015"]
[Site "Kragujevac"]
[Date "2015.03.12"]
[Round "6.4"]
[White "Kovacevic, Aleksandar"]
[Black "Tadic, Branko"]
[Result "0-1"]
[WhiteElo "2517"]
[BlackElo "2496"]
[PlyCount "88"]
[EventDate "2015.??.??"]

1. e4 c5 2. Nf3 Nc6 3. d4 cxd4 4. Nxd4 e5 5. Nb5 a6 6. Nd6+ Bxd6 7. Qxd6 Qe7 8.
Qd1 Nf6 9. Nc3 O-O 10. Bg5 Qe6 11. Bd3 h6 12. Bh4 Ne7 13. Qe2 b5 14. a4 g5 15.
Bg3 Bb7 16. h4 g4 17. h5 d5 18. exd5 Nexd5 19. Nxd5 Bxd5 20. f3 Rfe8 21. O-O-O
e4 22. fxe4 Bxe4 23. Bh4 Bxd3 24. Qxe6 Rxe6 25. Rxd3 Nxh5 26. Rd4 Rg6 27. Rf1
bxa4 28. Rxa4 Re8 29. Rf5 Ng7 30. Rf6 Re6 31. Rxe6 Nxe6 32. Rxa6 Nf4 33. Rxg6+
fxg6 34. b4 Kf7 35. Kd2 g5 36. Bf2 Nxg2 37. b5 Ke6 38. c4 h5 39. Ke2 Nf4+ 40.
Kf1 h4 41. Be3 h3 42. Kg1 g3 43. c5 h2+ 44. Kh1 Nh3 0-1

[Event "Kvalifikacije za Sampionat 2015"]
[Site "Kragujevac"]
[Date "2015.03.12"]
[Round "6.5"]
[White "Novoselski, Zoran"]
[Black "Antic, Dejan"]
[Result "0-1"]
[WhiteElo "2365"]
[BlackElo "2457"]
[PlyCount "92"]
[EventDate "2015.??.??"]

1. e4 e6 2. d4 d5 3. Nc3 Nf6 4. Bg5 Bb4 5. e5 h6 6. Bh4 g5 7. Bg3 Ne4 8. Nge2
c5 9. a3 Bxc3+ 10. Nxc3 Qa5 11. dxc5 Nc6 12. Bb5 Nxc3 13. Bxc6+ bxc6 14. Qd2
Qxc5 15. Qxc3 Qxc3+ 16. bxc3 Rb8 17. h4 Rg8 18. Kd2 Rb6 19. hxg5 hxg5 20. f3 g4
21. Bf2 Ra6 22. a4 Ra5 23. Rh4 gxf3 24. gxf3 Rg2 25. Ke1 Rg5 26. Rh8+ Kd7 27.
f4 Rg4 28. Be3 c5 29. Rf8 Rg7 30. Kd2 Bb7 31. Kc1 Ke7 32. Rb8 Bc6 33. Kb2 Rg3
34. Bd2 Rg2 35. Be1 Rxa4 36. Bh4+ Kd7 37. Rxa4 Bxa4 38. Rb7+ Kc6 39. Rxf7 Bxc2
40. Rxa7 Bd3+ 41. Ka1 Kb5 42. Be7 Rc2 43. Rb7+ Kc4 44. Rc7 Kb3 45. Rb7+ Kxc3
46. Rb1 Re2 0-1

[Event "Kvalifikacije za Sampionat 2015"]
[Site "Kragujevac"]
[Date "2015.03.12"]
[Round "6.6"]
[White "Rabrenovic, Vladan"]
[Black "Jovanovic, Bojan P"]
[Result "1/2-1/2"]
[WhiteElo "2373"]
[BlackElo "2261"]
[PlyCount "68"]
[EventDate "2015.??.??"]

1. d4 f5 2. Nf3 Nf6 3. c4 g6 4. Nc3 Bg7 5. e3 d6 6. Bd3 e5 7. dxe5 dxe5 8. Nxe5
Ne4 9. Bxe4 Qxd1+ 10. Nxd1 fxe4 11. f4 exf3 12. Nxf3 Be6 13. Nd2 Nc6 14. Rb1
Ne5 15. b3 Bf5 16. e4 Nd3+ 17. Ke2 O-O-O 18. exf5 Bh6 19. Ne3 Nxc1+ 20. Rbxc1
Bxe3 21. Kxe3 Rhe8+ 22. Kf4 Rd4+ 23. Kf3 Rd3+ 24. Kf4 Rd4+ 25. Kg5 Rxd2 26. f6
Re5+ 27. Kh6 Rh5+ 28. Kg7 Rd7+ 29. f7 Rf5 30. Kxh7 Rdxf7+ 31. Kh6 Rh5+ 32. Kxg6
Rhf5 33. g4 R7f6+ 34. Kg7 Rf7+ 1/2-1/2

[Event "Kvalifikacije za Sampionat 2015"]
[Site "Kragujevac"]
[Date "2015.03.12"]
[Round "6.7"]
[White "Abramovic, Bosko"]
[Black "Cvetkovic, Srdjan"]
[Result "1-0"]
[WhiteElo "2462"]
[BlackElo "2296"]
[PlyCount "52"]
[EventDate "2015.??.??"]

1. c4 e6 2. Nf3 d5 3. g3 Nf6 4. Bg2 Be7 5. O-O O-O 6. Qc2 c6 7. b3 b6 8. Bb2
Bb7 9. d4 Nbd7 10. Nbd2 Rc8 11. e4 c5 12. exd5 exd5 13. Qf5 dxc4 14. Nxc4 Be4
15. Qf4 Qc7 16. Qxc7 Rxc7 17. Rfe1 cxd4 18. Nxd4 Bxg2 19. Kxg2 Bb4 20. Re2 a6
21. Nf5 b5 22. Ncd6 Bxd6 23. Nxd6 Nd5 24. Ne8 Rc6 25. Nxg7 Rg6 26. Nf5 f6 1-0

[Event "Kvalifikacije za Sampionat 2015"]
[Site "Kragujevac"]
[Date "2015.03.12"]
[Round "6.8"]
[White "Ristic, Nenad"]
[Black "Ilic, Zoran S"]
[Result "1-0"]
[WhiteElo "2437"]
[BlackElo "2295"]
[PlyCount "119"]
[EventDate "2015.03.09"]

1. e4 c5 2. Nf3 e6 3. c3 d5 4. exd5 Qxd5 5. d4 Nf6 6. Bd3 Be7 7. O-O O-O 8. Be3
cxd4 9. cxd4 Nc6 10. Nc3 Qd6 11. a3 b6 12. Qe2 Bb7 13. Rad1 Rad8 14. Rfe1 Rfe8
15. Bb1 Qb8 16. Ng5 g6 17. h4 Rd7 18. h5 Nxh5 19. Nxh7 Qd8 20. Qg4 Kg7 21. Ng5
Bxg5 22. Bxg5 Rxd4 23. Be4 Rxd1 24. Rxd1 Qc7 25. Nb5 Qb8 26. Nd6 Ne5 27. Qe2
Bxe4 28. Qxe4 f6 29. Nxe8+ Qxe8 30. Be3 g5 31. Bxg5 Nf7 32. Be3 f5 33. Bd4+ Kg6
34. Qh4 Qa4 35. Rd3 e5 36. b3 Qb5 37. Rh3 Qe2 38. Bc3 Qd1+ 39. Kh2 Ng5 40.
Qxh5+ Qxh5 41. Rxh5 Kxh5 42. Bxe5 Ne4 43. Bd4 Nd2 44. b4 Kg4 45. f3+ Kf4 46.
Kh3 Nb3 47. Bg1 Nd2 48. b5 Ke5 49. a4 Nb1 50. g4 fxg4+ 51. Kxg4 Nc3 52. f4+ Ke6
53. Kg5 Nxa4 54. Kg6 Nc3 55. f5+ Kd7 56. f6 Nd5 57. f7 Nf4+ 58. Kf6 Ne6 59. Bh2
Nf8 60. Bb8 1-0

[Event "Kvalifikacije za Sampionat 2015"]
[Site "Kragujevac"]
[Date "2015.03.12"]
[Round "6.9"]
[White "Tosic, Miroslav"]
[Black "Stojanovic, Andjelija"]
[Result "1-0"]
[WhiteElo "2413"]
[BlackElo "2284"]
[PlyCount "73"]
[EventDate "2015.03.09"]

1. d4 d6 2. e4 Nf6 3. f3 c5 4. d5 g6 5. c4 Bg7 6. Nc3 O-O 7. Nge2 a6 8. Ng3 e6
9. a4 e5 10. Bd3 Nbd7 11. h4 Nh5 12. Nxh5 gxh5 13. Bg5 f6 14. Be3 f5 15. exf5
Nf6 16. Qd2 Bd7 17. Bg5 b5 18. axb5 axb5 19. Rxa8 Qxa8 20. cxb5 c4 21. Be4 Qc8
22. b6 Bxf5 23. O-O Nd7 24. Be7 Rf7 25. Bxd6 Nxb6 26. Qg5 Bxe4 27. fxe4 Rxf1+
28. Kxf1 Nd7 29. Qxh5 Qa6 30. Ba3 Qf6+ 31. Ke2 Nf8 32. g3 Qb6 33. Kf1 Qe3 34.
Kg2 Ng6 35. Qe2 Qd4 36. Nb5 Qb6 37. Qxc4 1-0

[Event "Kvalifikacije za Sampionat 2015"]
[Site "Kragujevac"]
[Date "2015.03.12"]
[Round "6.10"]
[White "Sorgic, Dragan"]
[Black "Zlatanovic, Boroljub"]
[Result "1/2-1/2"]
[WhiteElo "2220"]
[BlackElo "2382"]
[PlyCount "82"]
[EventDate "2015.03.09"]

1. e4 e6 2. d4 d5 3. Nc3 Bb4 4. e5 b6 5. Qg4 Bf8 6. Bb5+ Bd7 7. Bd3 a6 8. Be3
Ne7 9. Nf3 h6 10. h4 Nbc6 11. a3 b5 12. Ne2 Nf5 13. h5 Qb8 14. Qf4 Qb6 15. g4
Nxe3 16. fxe3 Be7 17. O-O Rf8 18. Qg3 O-O-O 19. Nf4 Na5 20. c3 Nc4 21. Qf2 c5
22. b3 Na5 23. b4 cxb4 24. axb4 Nc4 25. Nd2 Nxd2 26. Qxd2 Bg5 27. Qe2 Kb7 28.
Ra3 Ra8 29. Kh2 Be8 30. Kg3 f6 31. exf6 Rxf6 32. e4 Bxf4+ 33. Rxf4 Rxf4 34.
Kxf4 Qc7+ 35. e5 Qe7 36. Kg3 Qg5 37. Qf3 Bxh5 38. c4 bxc4 39. Bxc4 Be8 40. Be2
Qd2 41. Qf8 Qxe2 1/2-1/2

[Event "Kvalifikacije za Sampionat 2015"]
[Site "Kragujevac"]
[Date "2015.03.12"]
[Round "6.12"]
[White "Misailovic, Nebojsa"]
[Black "Stojanovic, Zlatko"]
[Result "1/2-1/2"]
[WhiteElo "2323"]
[BlackElo "2218"]
[PlyCount "124"]
[EventDate "2015.03.09"]

1. e4 e5 2. Nf3 Nc6 3. Bb5 a6 4. Ba4 d6 5. O-O Bd7 6. c3 Nge7 7. d4 Ng6 8. c4
Be7 9. Nc3 O-O 10. Bxc6 Bxc6 11. dxe5 dxe5 12. Nd5 b5 13. b3 bxc4 14. bxc4 Bc5
15. Qc2 Bd7 16. Be3 Bxe3 17. Nxe3 Qc8 18. Nd5 Re8 19. Qc3 a5 20. Rfe1 Ra7 21.
Qe3 c5 22. Rab1 f6 23. Nb6 Qc6 24. Rb5 Qe6 25. Nxd7 Rxd7 26. g3 Qxc4 27. Qxc5
Qxa2 28. Rxa5 Qf7 29. Rea1 Nf8 30. Ra8 Rxa8 31. Rxa8 g6 32. Qc6 Kg7 33. Ra6 Rc7
34. Qb6 Rb7 35. Qd6 Rd7 36. Qc6 Rc7 37. Qb6 Rb7 38. Qa5 Qc7 39. Qa3 Qe7 40. Qa2
Qf7 41. Qa1 Qd7 42. Kg2 Qd3 43. Qa3 Qxe4 44. Rxf6 Kxf6 45. Qxf8+ Rf7 46. Qd6+
Kg7 47. Qxe5+ Qxe5 48. Nxe5 Ra7 49. h4 Kf6 50. Nf3 Kf5 51. Ng5 h6 52. Nh3 Ra4
53. Kf3 Ra3+ 54. Ke2 Ke4 55. Nf4 Ra6 56. Nh3 Rf6 57. Ng1 g5 58. hxg5 hxg5 59.
Nh3 g4 60. Nf4 Ra6 61. Ng2 Ra3 62. Nf4 Rf3 1/2-1/2

[Event "Kvalifikacije za Sampionat 2015"]
[Site "Kragujevac"]
[Date "2015.03.12"]
[Round "6.13"]
[White "Rancic, Zoran"]
[Black "Petrovic, Dragan R"]
[Result "0-1"]
[WhiteElo "2224"]
[BlackElo "2180"]
[PlyCount "92"]
[EventDate "2015.03.09"]

1. d4 d5 2. c4 e6 3. Nc3 c5 4. e3 Nf6 5. Nf3 a6 6. Be2 dxc4 7. Bxc4 b5 8. Be2
Bb7 9. O-O Nbd7 10. b3 Bd6 11. Bb2 O-O 12. a4 b4 13. Nb1 Qc7 14. h3 Rac8 15.
Nbd2 cxd4 16. Nxd4 Ne5 17. Nc4 Nxc4 18. Bxc4 Rfd8 19. Qe2 Qa5 20. f4 Be7 21.
Rad1 Qb6 22. Kh2 Nd5 23. Qe1 Bf6 24. Ba1 a5 25. Rf2 Bh4 26. g3 Bf6 27. Rc2 Ba6
28. Rdc1 Bxc4 29. Rxc4 Rxc4 30. Rxc4 h6 31. Kg2 Qb7 32. Kf2 Nb6 33. Rc5 Qe4 34.
Qc1 e5 35. Nc6 Rd3 36. Nxe5 Bxe5 37. Rxe5 Qg6 38. Bd4 f6 39. Rb5 Nd7 40. f5 Qf7
41. Qc8+ Kh7 42. g4 Qxb3 43. Qxd7 Qd1 44. Rb7 Rd2+ 45. Kg3 Qe1+ 46. Kf3 Qf2+
0-1

[Event "Kvalifikacije za Sampionat 2015"]
[Site "Kragujevac"]
[Date "2015.03.12"]
[Round "6.14"]
[White "Radosavljevic, Slobodan D"]
[Black "Zivkovic, Nemanja"]
[Result "1/2-1/2"]
[WhiteElo "2156"]
[BlackElo "2310"]
[PlyCount "64"]
[EventDate "2015.03.09"]

1. g3 c5 2. Bg2 Nc6 3. c4 g6 4. Nf3 Bg7 5. Nc3 d6 6. O-O e5 7. d3 Nge7 8. a3 a5
9. Rb1 O-O 10. Bd2 Rb8 11. Ne1 Be6 12. Nc2 d5 13. cxd5 Nxd5 14. Nxd5 Bxd5 15.
Bxd5 Qxd5 16. Ne3 Qd7 17. a4 Rfe8 18. Bc3 b6 19. Re1 Re6 20. Qb3 Nd4 21. Qc4
Rbe8 22. f3 h5 23. b3 Kh7 24. Rb2 Rd6 25. Nd1 f5 26. Nf2 Re7 27. Kg2 Qb7 28. e4
Bh6 29. Bd2 Rf7 30. Bxh6 Kxh6 31. Qc1+ Kg7 32. Re3 Rff6 {...} 1/2-1/2

[Event "Kvalifikacije za Sampionat 2015"]
[Site "Kragujevac"]
[Date "2015.03.12"]
[Round "6.15"]
[White "Jovanovic, Sasa T"]
[Black "Jokic, Miodrag"]
[Result "1-0"]
[WhiteElo "2222"]
[BlackElo "2100"]
[PlyCount "77"]
[EventDate "2015.03.09"]

1. d4 d5 2. c4 e6 3. Nc3 Nf6 4. Bg5 Be7 5. e3 O-O 6. Nf3 a6 7. a4 c6 8. Bd3
Nbd7 9. O-O h6 10. Bh4 Nh5 11. Bxe7 Qxe7 12. Ne5 Nhf6 13. f4 dxc4 14. Bxc4 Nd5
15. Rf3 Rd8 16. Qb3 Nf8 17. a5 f6 18. Nd3 Kh8 19. Rg3 Qc7 20. Ne4 b5 21. axb6
Nxb6 22. Nec5 Nxc4 23. Qxc4 Qb6 24. Ra3 Ra7 25. Rb3 Qc7 26. Rb4 a5 27. Ra4 g5
28. h4 Qd6 29. hxg5 hxg5 30. Ne4 Qe7 31. fxg5 f5 32. Nf6 Ba6 33. Qc3 Bb5 34.
Rh3+ Kg7 35. Ra1 Bxd3 36. Qxd3 Qf7 37. Kf2 Qg6 38. Rah1 Qxg5 39. Nh7 1-0

[Event "Kvalifikacije za Sampionat 2015"]
[Site "Kragujevac"]
[Date "2015.03.12"]
[Round "6.16"]
[White "Knezevic, Veljko"]
[Black "Ugrenovic, Bozidar"]
[Result "1/2-1/2"]
[WhiteElo "2015"]
[BlackElo "2194"]
[PlyCount "114"]
[EventDate "2015.03.09"]

1. Nf3 c5 2. d4 cxd4 3. Nxd4 Nc6 4. g3 Nf6 5. Bg2 g6 6. O-O Bg7 7. c4 O-O 8.
Nc3 Nxd4 9. Qxd4 d6 10. Qd2 Rb8 11. b3 a6 12. Bb2 b5 13. cxb5 axb5 14. Rac1 Bb7
15. e4 Ba6 16. Rfd1 Nd7 17. Nd5 Bxb2 18. Qxb2 Bb7 19. f4 Bxd5 20. Rxd5 Nf6 21.
Rd2 Qb6+ 22. Kh1 Rfc8 23. Rdc2 Rxc2 24. Qxc2 Ng4 25. Bf3 Nf2+ 26. Kg2 Qe3 27.
Rf1 Nd3 28. Qe2 Qxe2+ 29. Bxe2 Nc5 30. Bf3 b4 31. Rc1 Ra8 32. Rc2 Ra5 33. Kf2
e5 34. Ke3 f6 35. h4 h6 36. h5 g5 37. fxg5 fxg5 38. Bg4 Kf7 39. Bf5 Ke7 40. Rf2
Ra8 41. Bg6 Rf8 42. Bf5 Kd8 43. Rc2 Kc7 44. Rc4 Ra8 45. Rc2 Kd8 46. Rf2 Ke7 47.
Bg6 Rf8 48. Bf5 Ne6 49. Rc2 Ra8 50. Rc4 Rxa2 51. Rxb4 Nd4 52. Rb7+ Kf6 53. g4
Rb2 54. Rh7 Rxb3+ 55. Kf2 Rb2+ 56. Ke3 Rb3+ 57. Kf2 Rb2+ 1/2-1/2

[Event "Kvalifikacije za Sampionat 2015"]
[Site "Kragujevac"]
[Date "2015.03.12"]
[Round "6.17"]
[White "Irizanin, Radoje"]
[Black "Colovic, Zoran"]
[Result "0-1"]
[WhiteElo "2295"]
[BlackElo "2066"]
[PlyCount "130"]
[EventDate "2015.03.09"]

1. d4 c5 2. dxc5 e6 3. Nd2 Bxc5 4. Ne4 Nf6 5. Nxc5 Qa5+ 6. Qd2 Qxc5 7. Qg5 Qxg5
8. Bxg5 Nc6 9. Nf3 d5 10. c3 Ne4 11. Be3 O-O 12. g3 b6 13. Bg2 Ba6 14. Nd2 Nxd2
15. Bxd2 Rac8 16. f4 f5 17. Kf2 Na5 18. Rad1 Nc4 19. Bc1 Nd6 20. Be3 Nc4 21.
Rb1 Nd6 22. Bd4 Rf7 23. Bf3 Ne4+ 24. Ke3 Bc4 25. Ra1 Rb7 26. g4 a5 27. Rhg1 a4
28. gxf5 exf5 29. Bxe4 dxe4 30. Rg5 Be6 31. Rag1 g6 32. h4 Kf8 33. h5 Bf7 34.
a3 Rc6 35. Be5 Rd7 36. hxg6 Bxg6 37. Rh1 Kf7 38. Rh6 Ke6 39. Rg1 Rd5 40. Rc1
Rb5 41. Rc2 Kd5 42. Rh1 Kc4 43. Rd1 Kb3 44. Rcd2 Bf7 45. c4 Rxc4 46. Rd7 Bg6
47. R1d2 Rc2 48. R7d4 Rc1 49. Kf2 Rb1 50. Bf6 Rh1 51. Kg2 Rc1 52. Kf2 Be8 53.
Rd8 Bc6 54. Rh8 Rh1 55. Rd6 Rc5 56. Rb8 Rh2+ 57. Kg3 Rxe2 58. Rxb6+ Bb5 59. Bd4
Kc4 60. Bxc5 Kxc5 61. Rf6 Rxb2 62. Rfc6+ Kd4 63. Rd6+ Kc3 64. Rd5 Bc4 65. Rxb2
Kxb2 0-1

[Event "Kvalifikacije za Sampionat 2015"]
[Site "Kragujevac"]
[Date "2015.03.12"]
[Round "6.18"]
[White "Rajkovic, Mladen"]
[Black "Ratkovic, Petar"]
[Result "1-0"]
[WhiteElo "2266"]
[BlackElo "1816"]
[PlyCount "103"]
[EventDate "2015.03.09"]

1. e4 c6 2. d4 d5 3. e5 Bf5 4. Nf3 e6 5. Be2 Nd7 6. O-O Ne7 7. Nbd2 h6 8. Nb3
Bh7 9. a4 a5 10. Bd2 Nf5 11. Rc1 Be7 12. Qe1 b6 13. c4 dxc4 14. Rxc4 c5 15. g4
Nxd4 16. Nfxd4 cxd4 17. Rxd4 O-O 18. Bb5 Ra7 19. Bxa5 bxa5 20. Qd1 Bb4 21. Bxd7
Qh4 22. Bb5 Rc7 23. Bd3 Rfc8 24. Bxh7+ Kxh7 25. Qd3+ g6 26. Nd2 Bxd2 27. Qxd2
Rc2 28. Qxa5 Rxb2 29. Qa7 Kg7 30. Rf4 Rf8 31. a5 Qg5 32. Re4 h5 33. Ra1 hxg4
34. Qd4 Rfb8 35. a6 Rb1+ 36. Re1 Rxe1+ 37. Rxe1 Ra8 38. Ra1 Qf5 39. a7 Qf3 40.
Qb6 Qc3 41. Rd1 Qa3 42. Rd7 Qa1+ 43. Kg2 Qc3 44. Rxf7+ Kh6 45. Qb7 Qc8 46. Qe4
Qg8 47. Qe3+ g5 48. Rf6+ Kh7 49. Qe4+ Kh8 50. Rh6+ Kg7 51. Rg6+ Kf7 52. Rxg8
1-0

[Event "Kvalifikacije za Sampionat 2015"]
[Site "Kragujevac"]
[Date "2015.03.12"]
[Round "6.19"]
[White "Pecinar, Zoran"]
[Black "Stojanovic, Vladimir M"]
[Result "1-0"]
[WhiteElo "2169"]
[BlackElo "1911"]
[PlyCount "83"]
[EventDate "2015.03.09"]

1. c4 e5 2. Nc3 Bb4 3. g3 Nf6 4. Bg2 Nc6 5. d3 d5 6. cxd5 Nxd5 7. Bd2 Be6 8.
Nf3 h6 9. a3 Be7 10. O-O Qd7 11. Rc1 O-O 12. Ne4 a5 13. Nc5 Bxc5 14. Rxc5 a4
15. Qc1 Kh7 16. e4 Nb6 17. Nxe5 Nxe5 18. Rxe5 Qxd3 19. Rh5 Qc4 20. Bxh6 Qxc1
21. Bxc1+ Kg8 22. Rc5 c6 23. Bd2 Bb3 24. Rcc1 Nd7 25. Bc3 Nc5 26. f4 Rfd8 27.
Rce1 Rd3 28. Rf3 Rad8 29. Rxd3 Nxd3 30. Re2 c5 31. Rd2 b5 32. e5 c4 33. Bc6 Rb8
34. Kg2 b4 35. axb4 Nxb4 36. Be4 Na2 37. e6 fxe6 38. Be5 Rc8 39. Rd7 c3 40.
bxc3 Nxc3 41. Rxg7+ Kf8 42. Rh7 1-0

[Event "Kvalifikacije za Sampionat 2015"]
[Site "Kragujevac"]
[Date "2015.03.12"]
[Round "6.22"]
[White "Dodic, Dragan"]
[Black "Trpkovic, Miroljub"]
[Result "1/2-1/2"]
[WhiteElo "2060"]
[BlackElo "1940"]
[PlyCount "91"]
[EventDate "2015.03.09"]

1. d4 d5 2. Nf3 e6 3. Bg5 Nf6 4. e3 Be7 5. Nbd2 O-O 6. Bd3 c5 7. c3 cxd4 8.
exd4 Nc6 9. O-O Qc7 10. Re1 Ne8 11. Bxe7 Qxe7 12. Qc2 g6 13. a4 Bd7 14. a5 a6
15. Nb3 Na7 16. Nc5 Bc6 17. Ne5 Bb5 18. f4 Bxd3 19. Qxd3 Ng7 20. Qh3 Nc6 21.
Nxc6 bxc6 22. Qd3 Qa7 23. g4 Rfe8 24. Kg2 f6 25. b4 Qc7 26. Qg3 Kf7 27. Ra2 Qc8
28. Rae2 Ra7 29. h3 Rae7 30. Re3 Kf8 31. Qh4 Kf7 32. Qf2 Kg8 33. Qe2 h5 34.
Nxa6 f5 35. g5 h4 36. Nc5 Qc7 37. Rf3 Nh5 38. Qe5 Qxe5 39. Rxe5 Ng3 40. Rxg3
hxg3 41. Kxg3 Rh7 42. Nxe6 Kf7 43. Nc5 Reh8 44. Nb7 Rxh3+ 45. Kf2 Rh2+ 46. Kg1
1/2-1/2

[Event "Kvalifikacije za Sampionat 2015"]
[Site "Kragujevac"]
[Date "2015.03.12"]
[Round "6.23"]
[White "Simic, Petar S"]
[Black "Djuricic, Dejan"]
[Result "1-0"]
[WhiteElo "1904"]
[BlackElo "2019"]
[PlyCount "115"]
[EventDate "2015.03.09"]

1. Nf3 Nf6 2. c4 g6 3. g3 Bg7 4. Bg2 O-O 5. O-O d6 6. Nc3 c5 7. d4 Nc6 8. dxc5
dxc5 9. Be3 Qa5 10. Qa4 Nd7 11. Qxa5 Nxa5 12. Nd2 Ne5 13. Bxc5 Naxc4 14. Nxc4
Nxc4 15. Nd5 Be6 16. Bxe7 Bxd5 17. Bxd5 Rfe8 18. Bxc4 Rxe7 19. Rab1 Rc8 20. b3
Rd7 21. Rfd1 Rcd8 22. Rd3 Kf8 23. Rbd1 Rxd3 24. Rxd3 Rxd3 25. exd3 Bd4 26. Kg2
f6 27. f4 f5 28. Kf3 Ke7 29. h3 Kf6 30. b4 Bc3 31. b5 Bd4 32. g4 h6 33. h4 b6
34. Bd5 Bc5 35. Bc6 Bd4 36. a4 Bc5 37. h5 fxg4+ 38. Kxg4 gxh5+ 39. Kxh5 Kf5 40.
Kxh6 Kxf4 41. Kg6 Ke5 42. Kf7 Kd4 43. Be4 Kc3 44. Ke6 Kb4 45. Kd5 Kxa4 46. Kc4
Ka5 47. Bb7 Ka4 48. Ba6 Bf8 49. d4 Be7 50. Kd5 Kb4 51. Kc6 Kc4 52. d5 Bg5 53.
d6 Bf6 54. d7 Be7 55. Kc7 Kd5 56. d8=Q+ Bxd8+ 57. Kxd8 Kd6 58. Kc8 1-0

[Event "Kvalifikacije za Sampionat 2015"]
[Site "Kragujevac"]
[Date "2015.03.12"]
[Round "6.24"]
[White "Zivkovic, Vladisa"]
[Black "Bozilov, Dragan"]
[Result "0-1"]
[WhiteElo "1787"]
[BlackElo "1979"]
[PlyCount "45"]
[EventDate "2015.03.09"]

1. e4 e5 2. Nc3 Nf6 3. Nf3 Nc6 4. Nd5 Bc5 5. Nxf6+ Qxf6 6. c3 Qg6 7. d3 d6 8.
h3 O-O 9. Qe2 f5 10. b4 fxe4 11. dxe4 Bb6 12. Be3 Qxe4 13. Ng5 Qg6 14. Qc4+ Kh8
15. Bd3 Bf5 16. Bxf5 Qxf5 17. g4 Qf6 18. Qd3 g6 19. h4 Bxe3 20. Qxe3 Qf4 21. h5
Qxe3+ 22. fxe3 Rf6 23. Ke2 {...} 0-1

[Event "Kvalifikacije za Sampionat 2015"]
[Site "Kragujevac"]
[Date "2015.03.12"]
[Round "6.25"]
[White "Gajic, Aleksa"]
[Black "Filipovic, Tomislav S"]
[Result "1/2-1/2"]
[WhiteElo "1795"]
[BlackElo "1801"]
[PlyCount "54"]
[EventDate "2015.03.09"]

1. d4 e6 2. Nf3 d5 3. Bg5 Nf6 4. e3 c5 5. Nbd2 Nc6 6. Be2 h6 7. Bh4 cxd4 8.
exd4 Be7 9. c3 O-O 10. O-O b6 11. Re1 Bb7 12. Bd3 Rc8 13. Ne5 Nxe5 14. dxe5 Nd7
15. Bxe7 Qxe7 16. Nf3 Rfd8 17. Nd4 a6 18. a4 Rc7 19. Qg4 Nf8 20. Re3 Qg5 21.
Qe2 Ra8 22. Rg3 Qe7 23. Qe3 Kh8 24. Re1 Bc8 25. f4 Bd7 26. f5 exf5 27. Bxf5 Be6
{...} 1/2-1/2

[Event "Kvalifikacije za Sampionat 2015"]
[Site "Kragujevac"]
[Date "2015.03.12"]
[Round "6.26"]
[White "Crnkovic, Predrag"]
[Black "Gagic, Miroljub"]
[Result "1-0"]
[WhiteElo "1881"]
[BlackElo "1803"]
[PlyCount "57"]
[EventDate "2015.03.09"]

1. d4 e6 2. c4 Nf6 3. Nc3 Bb4 4. g3 O-O 5. Bg2 d5 6. Nf3 Nc6 7. cxd5 exd5 8.
Qd3 Re8 9. O-O Bxc3 10. bxc3 Ne4 11. Nd2 Bf5 12. Nxe4 Bxe4 13. Bxe4 Rxe4 14. f3
Re8 15. Bd2 Na5 16. Rae1 Nc4 17. Bc1 c6 18. e4 Qd7 19. e5 Qh3 20. f4 h5 21. f5
h4 22. Rf4 hxg3 23. hxg3 Nd6 24. Re2 Ne4 25. Rh2 Qxg3+ 26. Qxg3 Nxg3 27. Rfh4
f6 28. e6 Kf8 29. Ba3+ 1-0

[Event "Kvalifikacije za Sampionat 2015"]
[Site "Kragujevac"]
[Date "2015.03.12"]
[Round "6.27"]
[White "Pavlasevic, Dragisa"]
[Black "Kokic, Miljko"]
[Result "1-0"]
[WhiteElo "1751"]
[BlackElo "1536"]
[PlyCount "63"]
[EventDate "2015.03.09"]

1. e4 e5 2. Nf3 Nc6 3. Bc4 Nf6 4. Ng5 d5 5. exd5 Na5 6. Bb5+ c6 7. dxc6 bxc6 8.
Qf3 Rb8 9. Bxc6+ Nxc6 10. Qxc6+ Nd7 11. d3 Bb7 12. Qc4 Qf6 13. Nc3 Bc5 14. Nce4
Bxe4 15. Nxe4 Qe7 16. Nxc5 Nxc5 17. Be3 Rc8 18. b4 Nxd3+ 19. Qxd3 Qxb4+ 20. Bd2
Qb7 21. O-O O-O 22. Rab1 Qc6 23. Be3 e4 24. Qb3 a6 25. Rfc1 h6 26. c4 f5 27.
c5+ Kh7 28. g3 g5 29. Rd1 f4 30. Rd6 Qe8 31. Qd5 fxe3 32. Rb7+ 1-0